Statistics for Main characters from Roswell

Click here to take the quiz!

General Stats

  • This quiz has been taken 64 times
  • The average score is 7 of 10

Answer Stats

Characters% Correct
Max Evans
100%
Liz Parker
92%
Isabel Evans
85%
Maria DeLuca
77%
Alex Whitman
75%
Michael Guerin
75%
Kyle Valenti
73%
Tess Harding
60%
Jim Valenti
58%
Jesse Ramirez
33%

Score Distribution

Percentile by Number Answered

Percent of People with Each Score

Your Score History

You have not taken this quiz